000 00960pam a2200277 i 4500
001 19646
003 BD-RjUL
005 20211209000446.0
008 140225s1975 dcu b 001 0 eng
020 _a0815764766.
_a0815764758
035 _a(BD-RjUL)19706
040 _aDLC
_cDLC
_dDLC
_dBD-RjUL
_beng
041 _aeng
082 0 0 _a330.12
_bOKE 1975
100 1 _aOkun, Arthur M.
_960401
245 1 0 _aEquality and efficiency, the big tradeoff /
_cArthur M. Okun.
260 _aWashington :
_bThe Brookings Institution,
_cc1975.
300 _axi, 124 p. ;
_c22 cm.
500 _a"Revised and expanded version of material presented in the Godkin lectures at the John F. Kennedy School of Government of Harvard University in April 1974."
504 _aIncludes bibliographical references and index.
650 0 _aComparative economics.
_96168
650 0 _aEquality.
_960402
942 _2ddc
_cBK
999 _c19646
_d19646